ბათუმის შოთა რუსთაველის სახელმწიფო უნივერსიტეტის ბიბლიოთეკა

Detektiv wider willen : (ბიბ.ჩანაწერი № 41221)

000 -LEADER
fixed length control field 00758nam a2200229Ia 4500
001 - CONTROL NUMBER
control field 7873
003 - CONTROL NUMBER IDENTIFIER
control field GE_BSU
005 - DATE AND TIME OF LATEST TRANSACTION
control field 20221116105732.0
008 - FIXED-LENGTH DATA ELEMENTS--GENERAL INFORMATION
fixed length control field 181216s2007ge xx |||||||||||||| ||ger||
020 ## - INTERNATIONAL STANDARD BOOK NUMBER
International Standard Book Number 9783468477317 x
040 ## - CATALOGING SOURCE
Transcribing agency GE_BSU
041 ## - LANGUAGE CODE
Language code of text/sound track or separate title ger
080 ## - UNIVERSAL DECIMAL CLASSIFICATION NUMBER
Universal Decimal Classification number 821.112.4 K-51
100 ## - MAIN ENTRY--PERSONAL NAME
Personal name Klara & Theo
9 (RLIN) 14864
245 ## - TITLE STATEMENT
Title Detektiv wider willen :
Remainder of title Für Jugendliche in dre stufen /
Statement of responsibility, etc. Theo & Klara
264 ## - PRODUCTION, PUBLICATION, DISTRIBUTION, MANUFACTURE, AND COPYRIGHT NOTICE
Place of production, publication, distribution, manufacture München :
Name of producer, publisher, distributor, manufacturer Langenscheidt,
Date of production, publication, distribution, manufacture, or copyright notice 2007.
300 ## - PHYSICAL DESCRIPTION
Extent 40 p.:
Other physical details Ill.
Dimensions 17cm.
Accompanying material +mini CD
653 ## - INDEX TERM--UNCONTROLLED
keyword Detektiv wider willen
653 ## - INDEX TERM--UNCONTROLLED
keyword დეტექტივი მისი ნების საწინააღმდეგოდ
653 ## - INDEX TERM--UNCONTROLLED
keyword გერამანული ლიტერატურა
942 ## - ADDED ENTRY ELEMENTS (KOHA)
Koha item type წიგნი
Source of classification or shelving scheme
ეგზემპლარები
Withdrawn status Lost status Source of classification or shelving scheme Damaged status Not for loan Permanent Location Current Location Shelving location Date acquired Cost, normal purchase price Full call number Barcode Date last seen Copy number Price effective from Koha item type Public note
          ბათუმის შოთა რუსთაველის სახელმწიფო უნივერსიტეტის მთავარი ბიბლიოთეკა ბათუმის შოთა რუსთაველის სახელმწიფო უნივერსიტეტის მთავარი ბიბლიოთეკა წიგნსაცავი 2018-12-17 23.00 821.112.4 K-51 24291 2018-12-17 24291 2018-12-17 წიგნი 23.00
          ბათუმის შოთა რუსთაველის სახელმწიფო უნივერსიტეტის მთავარი ბიბლიოთეკა ბათუმის შოთა რუსთაველის სახელმწიფო უნივერსიტეტის მთავარი ბიბლიოთეკა წიგნსაცავი 2018-12-17 23.00 821.112.4 K-51 24292 2018-12-17 24292 2018-12-17 წიგნი 23.00
          ბათუმის შოთა რუსთაველის სახელმწიფო უნივერსიტეტის მთავარი ბიბლიოთეკა ბათუმის შოთა რუსთაველის სახელმწიფო უნივერსიტეტის მთავარი ბიბლიოთეკა წიგნსაცავი 2018-12-17 23.00 821.112.4 K-51 24293 2018-12-17 24293 2018-12-17 წიგნი 23.00
          ბათუმის შოთა რუსთაველის სახელმწიფო უნივერსიტეტის მთავარი ბიბლიოთეკა ბათუმის შოთა რუსთაველის სახელმწიფო უნივერსიტეტის მთავარი ბიბლიოთეკა წიგნსაცავი 2018-12-17 23.00 821.112.4 K-51 24294 2018-12-17 24294 2018-12-17 წიგნი 23.00